[Event "Oberfranken-ch"]
[Site "Kronach"]
[Date "2025.03.07"]
[Round "3"]
[White "Schwarzmann, Tobias"]
[Black "Stierhof, Michael"]
[Result "1/2-1/2"]
[WhiteElo "1954"]
[BlackElo "1994"]
[PlyCount "65"]
[EventDate "2025.03.06"]
[EventType "swiss"]
[EventRounds "7"]
[EventCountry "GER"]
[SourceTitle "CB13_2025"]
[SourceDate "2025.03.26"]
[SourceVersion "1"]
[SourceVersionDate "2025.03.26"]
[SourceQuality "1"]

1. Nf3 Nf6 2. c4 c5 3. Nc3 b6 4. g3 Bb7 5. Bg2 e6 6. 0-0 Be7 7. d3 0-0 8. b3 d5 9. cxd5 Nxd5 10. Nxd5 Bxd5 11. Bb2 Nd7 12. Qc2 a5 13. Rfd1 Ra7 14. a4 Qa8 15. Ne1 Nf6 16. Qc3 Rd8 17. Bxd5 Rxd5 18. Ng2 Bf8 19. Ne3 Rh5 20. Qe1 Nd5 21. Nc4 Qb8 22. e4 Nf4 23. Qe3 Nh3+ 24. Kg2 e5 25. Bxe5 Rxe5 26. Kxh3 Re6 27. Na3 Qc8 28. Kg2 Rd7 29. Nb5 h5 30. h4 Bd6 31. f4 Rg6 32. Kf2 Be7 33. Qf3 1/2-1/2

[Event "Oberfranken-ch"]
[Site "Kronach"]
[Date "2025.03.07"]
[Round "4"]
[White "Stierhof, Michael"]
[Black "Kellmann, Andreas"]
[Result "1/2-1/2"]
[WhiteElo "1994"]
[BlackElo "1948"]
[PlyCount "49"]
[EventDate "2025.03.06"]
[EventType "swiss"]
[EventRounds "7"]
[EventCountry "GER"]
[SourceTitle "CB13_2025"]
[SourceDate "2025.03.26"]
[SourceVersion "1"]
[SourceVersionDate "2025.03.26"]
[SourceQuality "1"]

1. Nf3 d5 2. g3 Nf6 3. Bg2 e6 4. 0-0 Bd6 5. d3 Nbd7 6. Nbd2 0-0 7. e4 c6 8. Re1 Qc7 9. Qe2 e5 10. Nh4 Re8 11. Nf5 Bf8 12. Nf1 dxe4 13. dxe4 h6 14. Be3 Nc5 15. Bxc5 Bxc5 16. N1e3 Bxe3 17. Nxe3 Be6 18. a4 a5 19. h4 Rad8 20. c3 Re7 21. Qc2 Red7 22. Red1 Qb6 23. Rxd7 Rxd7 24. Bf3 Qd8 25. Rd1 1/2-1/2

[Event "GER-ch Amateurs"]
[Site "Bad Wildungen"]
[Date "2024.??.??"]
[Round "1"]
[White "Meier, David Geffrey"]
[Black "Stierhof, Michael"]
[Result "1-0"]
[WhiteElo "2105"]
[BlackElo "1997"]
[PlyCount "131"]
[EventDate "2024.08.03"]
[EventType "swiss"]
[EventRounds "5"]
[EventCountry "GER"]
[SourceTitle "CBM 221 Extra"]
[Source "ChessBase"]
[SourceDate "2024.09.30"]
[SourceVersion "1"]
[SourceVersionDate "2024.09.30"]
[SourceQuality "1"]

1. d4 Nf6 2. c4 e6 3. Nf3 d5 4. g3 c5 5. cxd5 exd5 6. Bg2 Nc6 7. 0-0 cxd4 8. Nxd4 Bc5 9. Be3 Qb6 10. Nc3 Bxd4 11. Na4 Bxe3 12. Nxb6 Bxb6 13. Bxd5 Nxd5 14. Qxd5 0-0 15. Rfd1 Be6 16. Qe4 Rfe8 17. Qa4 Rad8 18. Rxd8 Rxd8 19. Rd1 Rxd1+ 20. Qxd1 h5 21. Kg2 g6 22. a3 Nd4 23. Qd3 Bd7 24. e4 Bg4 25. h3 Bf3+ 26. Kh2 h4 27. Qe3 hxg3+ 28. fxg3 Bd1 29. Qf4 Ne6 30. Qb8+ Kg7 31. Qxb7 Bf3 32. Qd5 Nd4 33. Qe5+ Kg8 34. Qe8+ Kg7 35. Qe5+ Kg8 36. Qe8+ Kg7 37. Qe5+ Kg8 38. Qf4 Bd1 39. Qb8+ Kg7 40. Qe5+ Kg8 41. Qe8+ Kg7 42. Kg2 Ne6 43. Qb8 Bd4 44. h4 a5 45. b4 axb4 46. axb4 Bc2 47. Qb7 Bf6 48. Qd5 Be7 49. Qc4 Ba4 50. b5 Nc5 51. Kf3 Bd1+ 52. Ke3 Bg4 53. Qd4+ Kg8 54. Qe5 Bf8 55. Qc7 Bh6+ 56. Kf2 Nxe4+ 57. Kg2 Bf8 58. Qf4 f5 59. Qc7 Nd6 60. Qc5 Be2 61. Qd5+ Kh7 62. Qa8 Kg8 63. Qd5+ Kh7 64. Qa8 Bg7 65. b6 Bb5 66. Qd5 1-0

[Event "Regionalliga NO 9900"]
[Site "Bayern"]
[Date "2000.??.??"]
[Round "8.1"]
[White "Stierhof, Michael"]
[Black "Dickl, Errol"]
[Result "1/2-1/2"]
[WhiteElo "2140"]
[BlackElo "2100"]
[PlyCount "120"]
[EventDate "1999.??.??"]
[EventType "team-tourn"]
[EventRounds "9"]
[EventCountry "GER"]
[SourceTitle "EXT 2020"]
[Source "ChessBase"]
[SourceDate "2019.10.17"]
[SourceVersion "1"]
[SourceVersionDate "2019.10.17"]
[SourceQuality "1"]
[WhiteTeam "Nuernberg Grundig SC"]
[BlackTeam "Amberg SG Siemens"]
[WhiteTeamCountry "GER"]
[BlackTeamCountry "GER"]

1. Nf3 c5 2. c4 Nf6 3. Nc3 e6 4. e4 d6 5. Bd3 Nc6 6. 0-0 a6 7. Bc2 Nd4 8. Nxd4 cxd4 9. Ne2 e5 10. Ba4+ b5 11. cxb5 Nxe4 12. b6+ Bd7 13. Bxd7+ Qxd7 14. Nxd4 Rb8 15. Qe2 f5 16. d3 Nf6 17. Nb3 Rxb6 18. Be3 Rb5 19. Rfc1 Be7 20. Qc2 Kf7 21. a4 Rb4 22. Na5 Rhb8 23. Nc6 Rxb2 24. Qc4+ Kg6 25. Nxb8 Rxb8 26. Qc7 Qe8 27. d4 e4 28. Rab1 Rxb1 29. Rxb1 f4 30. Bxf4 Nd5 31. Qc1 Qxa4 32. Bg3 Qxd4 33. Qd1 Nc3 34. Qxd4 Ne2+ 35. Kf1 Nxd4 36. Ra1 Kf5 37. Rxa6 Ke6 38. Ke1 g5 39. Ra8 h5 40. h3 Nf5 41. Ra4 Nxg3 42. fxg3 Kf5 43. Ke2 d5 44. Ra5 Ke5 45. Ke3 h4 46. gxh4 gxh4 47. Ra8 Bg5+ 48. Ke2 d4 49. Re8+ Kd5 50. Rg8 d3+ 51. Kd1 Bf4 52. Rd8+ Kc4 53. Rf8 Bd6 54. Rc8+ Bc5 55. Rh8 Bf2 56. Rc8+ Kd4 57. Rd8+ Ke3 58. Rd7 Bg3 59. Re7 Kd4 60. Rd7+ Kc4 1/2-1/2

[Event "Regionalliga NO 9899"]
[Site "Bayern"]
[Date "1999.??.??"]
[Round "8.1"]
[White "Kampmann, Lutz"]
[Black "Stierhof, Michael"]
[Result "0-1"]
[WhiteElo "2105"]
[BlackElo "2115"]
[PlyCount "70"]
[EventDate "1998.??.??"]
[EventType "team-tourn"]
[EventRounds "9"]
[EventCountry "GER"]
[SourceTitle "EXT 2020"]
[Source "ChessBase"]
[SourceDate "2019.10.17"]
[SourceVersion "1"]
[SourceVersionDate "2019.10.17"]
[SourceQuality "1"]
[WhiteTeam "Amberg SG Siemens"]
[BlackTeam "Nuernberg Grundig SC"]
[WhiteTeamCountry "GER"]
[BlackTeamCountry "GER"]

1. d4 Nf6 2. c4 c5 3. d5 b5 4. cxb5 a6 5. bxa6 Bxa6 6. g3 d6 7. Bg2 g6 8. Nc3 Bg7 9. Nf3 0-0 10. 0-0 Nbd7 11. Qc2 Qa5 12. Rd1 Rfb8 13. b3 Ng4 14. Bb2 Rb4 15. Na4 Bxb2 16. Nxb2 Qa3 17. Nd2 Nb6 18. Nb1 Qa5 19. Qd2 Bb5 20. h3 Ne5 21. f4 Ned7 22. Qe3 Nf6 23. Qxe7 Nh5 24. Qxd6 Rd4 25. Rc1 Nxg3 26. Nc3 Nd7 27. a4 Nf5 28. Nxb5 Nxd6 29. Nxd6 Qd2 30. Nbc4 Qxe2 31. Rf1 Rd3 32. Rab1 Ra6 33. Ne4 Nb6 34. Nxc5 Nxc4 35. bxc4 Rd2 0-1

[Event "Regionalliga NO 9900"]
[Site "Bayern"]
[Date "1999.??.??"]
[Round "1.1"]
[White "Stierhof, Michael"]
[Black "Grabert, Ralf"]
[Result "1/2-1/2"]
[WhiteElo "2140"]
[BlackElo "2200"]
[PlyCount "58"]
[EventDate "1999.??.??"]
[EventType "team-tourn"]
[EventRounds "9"]
[EventCountry "GER"]
[SourceTitle "EXT 2020"]
[Source "ChessBase"]
[SourceDate "2019.10.17"]
[SourceVersion "1"]
[SourceVersionDate "2019.10.17"]
[SourceQuality "1"]
[WhiteTeam "Nuernberg Grundig SC"]
[BlackTeam "Koetzting"]
[WhiteTeamCountry "GER"]
[BlackTeamCountry "GER"]

1. Nf3 Nf6 2. c4 g6 3. Nc3 Bg7 4. e4 d6 5. d4 0-0 6. Be2 c5 7. 0-0 cxd4 8. Nxd4 Nbd7 9. Be3 Nc5 10. f3 Bd7 11. b4 Ne6 12. Nb3 Ng4 13. fxg4 Bxc3 14. Rc1 Bxb4 15. Kh1 Ba3 16. Rc2 Bc6 17. Bd3 a5 18. Bh6 a4 19. Nc1 Ng7 20. Ne2 Bc5 21. Qa1 e5 22. Qe1 Qe7 23. Rf3 f6 24. Nc3 Qd7 25. Qh4 Qe7 26. Rc1 g5 27. Qh3 Rf7 28. Bxg7 Rxg7 29. Rcf1 Rf8 1/2-1/2

[Event "Regionalliga NO 9798"]
[Site "Bayern"]
[Date "1998.??.??"]
[Round "?.1"]
[White "Stierhof, Michael"]
[Black "Kustar, Sandor"]
[Result "0-1"]
[WhiteElo "2120"]
[BlackElo "2400"]
[PlyCount "76"]
[EventDate "1997.10.??"]
[EventType "team-tourn"]
[EventRounds "9"]
[EventCountry "GER"]
[SourceTitle "EXT 2020"]
[Source "ChessBase"]
[SourceDate "2019.10.17"]
[SourceVersion "1"]
[SourceVersionDate "2019.10.17"]
[SourceQuality "1"]
[WhiteTeam "Nuernberg Grundig SC"]
[BlackTeam "Schwabach"]
[WhiteTeamCountry "GER"]
[BlackTeamCountry "GER"]

1. Nf3 c5 2. g3 g6 3. Bg2 Bg7 4. 0-0 Nc6 5. c4 e6 6. Nc3 Nge7 7. e3 Nf5 8. a3 0-0 9. b4 Nxb4 10. axb4 cxb4 11. d4 bxc3 12. Ba3 d6 13. Qd3 Qc7 14. Rfc1 Rd8 15. e4 Ne7 16. Rxc3 b6 17. Qe3 Bb7 18. g4 Rac8 19. Bb2 a5 20. h4 Qd7 21. Rb3 Rxc4 22. Rxb6 Rb4 23. Rxb4 axb4 24. h5 Nc6 25. hxg6 hxg6 26. g5 Ra8 27. Rb1 Na5 28. Nh2 Nc4 29. Qc1 Rc8 30. Qd1 Qe7 31. f4 Nxb2 32. Rxb2 Rc4 33. Ng4 Bxd4+ 34. Kh2 Bxb2 35. e5 dxe5 36. Nf6+ Kg7 37. Bxb7 exf4 38. Qe2 Qc5 0-1

[Event "Regionalliga NO 9697"]
[Site "Bayern"]
[Date "1997.??.??"]
[Round "?"]
[White "Stierhof, Michael"]
[Black "Hilge, Andreas"]
[Result "1/2-1/2"]
[WhiteElo "2085"]
[BlackElo "2210"]
[PlyCount "74"]
[EventDate "1996.10.??"]
[EventType "team-tourn"]
[EventRounds "9"]
[EventCountry "GER"]
[SourceTitle "EXT 1999"]
[Source "ChessBase"]
[SourceDate "1998.11.16"]
[SourceVersion "1"]
[SourceVersionDate "1998.11.16"]
[SourceQuality "1"]
[WhiteTeam "Nuernberg Grundig SC"]
[BlackTeam "Furth im Wald"]
[WhiteTeamCountry "GER"]
[BlackTeamCountry "GER"]

1. Nf3 d5 2. c4 c6 3. b3 Bf5 4. Bb2 e6 5. g3 h6 6. Bg2 Nf6 7. 0-0 Be7 8. d3 0-0 9. Nbd2 Nbd7 10. a3 Re8 11. b4 Bf8 12. Ne5 Nxe5 13. Bxe5 Bh7 14. Qb3 a6 15. a4 g5 16. h3 Nd7 17. Bc3 Bg7 18. Bxg7 Kxg7 19. b5 axb5 20. axb5 Qf6 21. Rxa8 Rxa8 22. bxc6 bxc6 23. cxd5 cxd5 24. Nf3 Ra1 25. d4 Rxf1+ 26. Kxf1 Be4 27. Qc3 Qf5 28. Nd2 Bxg2+ 29. Kxg2 Nf6 30. Qd3 h5 31. Nf3 Ne4 32. Nd2 f6 33. Nxe4 dxe4 34. Qb3 Kg6 35. Qb6 Qd5 36. e3 Qf5 37. Qd8 Qf3+ 1/2-1/2

[Event "Landesliga Nord 9596"]
[Site "Bayern"]
[Date "1996.??.??"]
[Round "?"]
[White "Jirovsky, Pavel"]
[Black "Stierhof, Michael"]
[Result "1/2-1/2"]
[WhiteElo "2245"]
[BlackElo "2000"]
[PlyCount "31"]
[EventDate "1995.10.??"]
[EventType "team-tourn"]
[EventRounds "9"]
[EventCountry "GER"]
[SourceTitle "EXT 2020"]
[Source "ChessBase"]
[SourceDate "2019.10.17"]
[SourceVersion "1"]
[SourceVersionDate "2019.10.17"]
[SourceQuality "1"]
[WhiteTeam "Obernburg"]
[BlackTeam "Nuernberg Grundig SC"]
[WhiteTeamCountry "GER"]
[BlackTeamCountry "GER"]

1. d4 Nf6 2. Nf3 c5 3. e3 g6 4. Be2 Bg7 5. 0-0 0-0 6. c4 d6 7. Nc3 Nbd7 8. b3 a6 9. Bb2 b6 10. Rc1 Bb7 11. Rc2 e6 12. Qa1 Ne4 13. Rd1 Ng5 14. d5 Nxf3+ 15. Bxf3 e5 16. Be2 1/2-1/2

[Event "Landesliga Nord 9596"]
[Site "Bayern"]
[Date "1996.??.??"]
[Round "?"]
[White "Salac, Jiri"]
[Black "Stierhof, Michael"]
[Result "0-1"]
[WhiteElo "2195"]
[BlackElo "2000"]
[PlyCount "122"]
[EventDate "1995.10.??"]
[EventType "team-tourn"]
[EventRounds "9"]
[EventCountry "GER"]
[SourceTitle "EXT 2020"]
[Source "ChessBase"]
[SourceDate "2019.10.17"]
[SourceVersion "1"]
[SourceVersionDate "2019.10.17"]
[SourceQuality "1"]
[WhiteTeam "Erlangen TB"]
[BlackTeam "Nuernberg Grundig SC"]
[WhiteTeamCountry "GER"]
[BlackTeamCountry "GER"]

1. d4 Nf6 2. Bf4 g6 3. Qd2 d6 4. Nc3 Nbd7 5. e4 e5 6. dxe5 dxe5 7. Bg5 c6 8. a3 h6 9. Bh4 g5 10. Bg3 Nh5 11. Bc4 Nf4 12. 0-0-0 b5 13. Bb3 Qc7 14. Bxf4 exf4 15. g3 Nc5 16. Ba2 Be6 17. gxf4 Bxa2 18. Nxa2 gxf4 19. Ne2 h5 20. Qc3 Rg8 21. Nd4 Rc8 22. Nb4 a5 23. Nbxc6 b4 24. axb4 axb4 25. Nxb4 Qa7 26. Qa3 Qb7 27. Nd5 Rg6 28. Qa5 Ra6 29. Qb5+ Qxb5 30. Nf6+ Ke7 31. Ng8+ Ke8 32. Nf6+ Ke7 33. Ng8+ Ke8 34. Nf6+ Rxf6 35. Nxb5 Rb6 36. Nc3 Bg7 37. Rd5 Bxc3 38. bxc3 Na4 39. Rxh5 Rxc3 40. Kd2 Rbc6 41. Rc1 Nb6 42. Re5+ Kf8 43. Rf5 f3 44. h4 Ra3 45. c3 Nc4+ 46. Kd3 Ra2 47. Rc2 Ra1 48. e5 Re1 49. Ra2 Nxe5+ 50. Kd4 Re6 51. c4 Re2 52. Ra3 Rd2+ 53. Kc3 Rd3+ 54. Kb4 Rxa3 55. Kxa3 Nxc4+ 56. Kb3 Nd2+ 57. Kc3 Re2 58. h5 Rxf2 59. h6 Rh2 60. Kd3 f2 61. h7 f1Q+ 0-1